000 01086cam a2200325 4500
008 011019n2003 000 0 eng u
020 _a0632058412
035 _a(Sirsi) u115225
041 _aeng.
100 _aCouch, Chris
_xEditor
245 _aUrban regeneration in Europe
260 _aOxford
_bBlackwell
_c2003
300 _axx, 234p.
_bill.
_c25cm.
350 _a37.50
490 _aBlackwell Real Estate Issues
520 _aGives a comparative account of the process of urban regeneration in France, Italy, Holland, Belgium, Germany and the UK. Examines the factors influencing these processes, as well as the consequences of their implementation. Theoretical discussion is illustrated through detailed case studies.
650 _aURBAN REGENERATION
650 _aURBAN POLICY
650 _aEUROPE
650 _aFRANCE
650 _aITALY
650 _aHOLLAND
650 _aBELGIUM
650 _aGERMANY
650 _aUNITED KINGDOM
690 _aREGENERATION
700 _aFraser, Charles
_xEditor
700 _aPercy, Susan
_xEditor
942 _n0
999 _c101738
_d101738